[Event "Skalica op-A"]
[Site "Skalica"]
[Date "2023.08.26"]
[Round "8"]
[White "Sikora, Jan"]
[Black "Pasti, Zsombor"]
[Result "1/2-1/2"]
[WhiteElo "2145"]
[BlackElo "2020"]
[PlyCount "131"]
[EventDate "2023.08.19"]
[EventType "swiss"]
[EventRounds "9"]
[EventCountry "SVK"]
[SourceTitle "CBM 215 Extra"]
[Source "ChessBase"]
[SourceDate "2023.09.30"]
[SourceVersion "1"]
[SourceVersionDate "2023.09.30"]
[SourceQuality "1"]

1. c4 Nf6 2. g3 c6 3. Nf3 d5 4. b3 g6 5. Bb2 Bg7 6. Bg2 0-0 7. 0-0 Re8 8. Na3 Nbd7 9. Rc1 e5 10. cxd5 Nxd5 11. Nc4 Re6 12. e4 Nb4 13. d4 Nxa2 14. Ra1 Nb4 15. Nfxe5 Nxe5 16. dxe5 Qc7 17. Qd2 c5 18. Rfd1 Nc6 19. f4 Re8 20. Ne3 Be6 21. Nd5 Qc8 22. Bf1 Rd8 23. Qc1 b6 24. Ba6 Qb8 25. Bb5 Na5 26. Bc4 Kh8 27. Bc3 Nc6 28. Bb5 Qc8 29. Qb2 Bf8 30. Ne3 Nd4 31. Bc4 b5 32. Bd5 b4 33. Bxd4 cxd4 34. Qxd4 Bc5 35. Qd3 Bxd5 36. exd5 Qg4 37. Kg2 Bxe3 38. Qxe3 Rac8 39. Rac1 Rxc1 40. Rxc1 Rxd5 41. e6 Qxe6 42. Qxe6 fxe6 43. Rc8+ Kg7 44. Rc7+ Kf6 45. Rxa7 h5 46. Rb7 Rd2+ 47. Kh3 Rd4 48. Rb5 Re4 49. Kg2 Rd4 50. Kf2 Rd2+ 51. Ke3 Rxh2 52. Rxb4 Rc2 53. Rb5 Rc3+ 54. Kf2 Rc2+ 55. Kf3 Rc3+ 56. Kg2 Rd3 57. b4 Rb3 58. Kh3 Rb1 59. Rb8 Rh1+ 60. Kg2 Rb1 61. b5 Kf5 62. Kh3 Rh1+ 63. Kg2 Rb1 64. Kh3 Rh1+ 65. Kg2 Rb1 66. Kh3 1/2-1/2

[Event "Skalica op-A"]
[Site "Skalica"]
[Date "2023.08.19"]
[Round "1"]
[White "Movsesian, Sergei"]
[Black "Sikora, Jan"]
[Result "1-0"]
[WhiteElo "2610"]
[BlackElo "2145"]
[PlyCount "59"]
[EventDate "2023.08.19"]
[EventType "swiss"]
[EventRounds "9"]
[EventCountry "SVK"]
[SourceTitle "CBM 215 Extra"]
[Source "ChessBase"]
[SourceDate "2023.09.30"]
[SourceVersion "1"]
[SourceVersionDate "2023.09.30"]
[SourceQuality "1"]

1. e4 c6 2. d4 d5 3. e5 c5 4. dxc5 e6 5. c3 Nd7 6. Nf3 Ne7 7. b4 Qc7 8. Bb5 Nc6 9. 0-0 g6 10. Re1 Bg7 11. Bf4 0-0 12. Bxc6 bxc6 13. Nbd2 a5 14. Nb3 Ba6 15. Qd2 a4 16. Nbd4 Rfe8 17. a3 Bc4 18. Qe3 Qb7 19. h4 Rac8 20. h5 Qa6 21. Rad1 Rc7 22. Bh6 Bh8 23. Qf4 Nf8 24. Re3 Qc8 25. Ng5 Bg7 26. Bxg7 Kxg7 27. h6+ Kxh6 28. Nxf7+ Kg7 29. Qf6+ Kg8 30. Nh6# 1-0

[Event "CZE-chT1E 2223"]
[Site "Czech Republic"]
[Date "2022.11.27"]
[Round "4.3"]
[White "Delgerdalai, Bayarjavkhlan"]
[Black "Sikora, Jan"]
[Result "1-0"]
[WhiteElo "2132"]
[BlackElo "2198"]
[PlyCount "59"]
[EventDate "2022.10.08"]
[EventType "team-tourn"]
[EventRounds "11"]
[EventCountry "CZE"]
[SourceTitle "CBM 213 Extra"]
[Source "ChessBase"]
[SourceDate "2023.05.31"]
[SourceVersion "1"]
[SourceVersionDate "2023.05.31"]
[SourceQuality "1"]
[WhiteTeam "Stare Mesto"]
[BlackTeam "Trinec"]
[WhiteTeamCountry "CZE"]
[BlackTeamCountry "CZE"]

1. e4 c5 2. Nf3 d6 3. d4 cxd4 4. Nxd4 Nf6 5. Nc3 a6 6. Be3 e6 7. f3 b5 8. Qd2 Bb7 9. 0-0-0 Nbd7 10. g4 Nb6 11. g5 Nfd7 12. Qg2 Rc8 13. g6 hxg6 14. Nxe6 Qf6 15. Nxf8 Kxf8 16. Qg3 Rc6 17. Be2 Na4 18. Nxa4 bxa4 19. Bd4 Qe6 20. Kb1 Nf6 21. Rhe1 Rh5 22. h4 Ra5 23. Bd3 Kg8 24. f4 Qg4 25. Qf2 Rc8 26. Bxf6 gxf6 27. Qb6 Rcc5 28. Qxb7 Qxf4 29. Qe7 Rc8 30. Bc4 1-0

[Event "CZE-chT1E 2122"]
[Site "Czech Republic"]
[Date "2021.12.12"]
[Round "5.6"]
[White "Sikora, Jan"]
[Black "Mroziak, Maciej"]
[Result "1/2-1/2"]
[WhiteElo "2206"]
[BlackElo "2359"]
[PlyCount "98"]
[EventDate "2021.10.09"]
[EventType "team-tourn"]
[EventRounds "11"]
[EventCountry "CZE"]
[SourceTitle "EXT 2023"]
[Source "ChessBase"]
[SourceDate "2022.10.05"]
[SourceVersion "1"]
[SourceVersionDate "2022.10.05"]
[SourceQuality "1"]
[WhiteTeam "Trinec"]
[BlackTeam "Cesky Tesin"]
[WhiteTeamCountry "CZE"]
[BlackTeamCountry "CZE"]

1. e4 c5 2. Nc3 g6 3. Nf3 Bg7 4. d4 cxd4 5. Nxd4 Nc6 6. Nde2 Nf6 7. g3 d6 8. Bg2 Bg4 9. h3 Bxe2 10. Qxe2 0-0 11. Be3 Rc8 12. Rd1 Qa5 13. 0-0 Ne5 14. Rd4 b5 15. Qxb5 Qxb5 16. Nxb5 Rxc2 17. Nxa7 Rb8 18. Rb1 Nfd7 19. Rd2 Rxd2 20. Bxd2 Rb7 21. Nc8 Nc5 22. b4 Bf8 23. Rc1 Ncd3 24. Rc2 Nxb4 25. Rb2 Rc7 26. Nxe7+ Bxe7 27. Rxb4 Kg7 28. Be3 Rc2 29. a4 Ra2 30. Bd4 Bf6 31. f4 Nd3 32. Bxf6+ Kxf6 33. Rd4 Ne1 34. e5+ dxe5 35. fxe5+ Ke7 36. Bd5 Re2 37. Be4 Nc2 38. Bxc2 Rxc2 39. Re4 h5 40. Kf1 Ra2 41. h4 Ke6 42. Kg1 Kd5 43. Rf4 Kxe5 44. Rxf7 Rxa4 45. Kg2 Ra2+ 46. Kf3 Ra3+ 47. Kg2 Ra2+ 48. Kf3 Ra3+ 49. Kf2 Ra2+ 1/2-1/2

[Event "CZE-chT1E 2122"]
[Site "Czech Republic"]
[Date "2021.10.10"]
[Round "2.1"]
[White "Sikora, Jan"]
[Black "Sluka, Radek"]
[Result "1/2-1/2"]
[WhiteElo "2206"]
[BlackElo "2324"]
[PlyCount "79"]
[EventDate "2021.10.09"]
[EventType "team-tourn"]
[EventRounds "11"]
[EventCountry "CZE"]
[SourceTitle "EXT 2023"]
[Source "ChessBase"]
[SourceDate "2022.10.05"]
[SourceVersion "1"]
[SourceVersionDate "2022.10.05"]
[SourceQuality "1"]
[WhiteTeam "Trinec"]
[BlackTeam "Brno Moravska Slavia II"]
[WhiteTeamCountry "CZE"]
[BlackTeamCountry "CZE"]

1. e4 c5 2. Nc3 Nc6 3. Nf3 d6 4. d4 cxd4 5. Nxd4 g6 6. Be3 Bg7 7. Qd2 Nf6 8. f3 0-0 9. g4 Bxg4 10. fxg4 Nxg4 11. Bg1 e6 12. Nf3 f5 13. h3 Bh6 14. Qe2 Nge5 15. Bg2 Qf6 16. Bf2 fxe4 17. Nxe5 Qxe5 18. Qxe4 Bd2+ 19. Ke2 Bxc3 20. bxc3 Qxc3 21. Rad1 d5 22. Qd3 Qe5+ 23. Qe3 Qf5 24. Bg3 Qxc2+ 25. Rd2 Qc4+ 26. Kd1 Rae8 27. Re1 Na5 28. Qd4 Qb5 29. Rb2 Qc6 30. Rf2 Rxf2 31. Bxf2 Nc4 32. Bxd5 exd5 33. Rxe8+ Qxe8 34. Qxd5+ Qf7 35. Qd8+ Qf8 36. Qd5+ Qf7 37. Qd8+ Qf8 38. Qd5+ Qf7 39. Qd8+ Qf8 40. Qd5+ 1/2-1/2

[Event "CZE-chT1E 1920"]
[Site "Czech Republic"]
[Date "2020.03.01"]
[Round "9.6"]
[White "Zpevakova, Jana"]
[Black "Sikora, Jan"]
[Result "1/2-1/2"]
[WhiteElo "2109"]
[BlackElo "2189"]
[PlyCount "206"]
[EventDate "2019.10.20"]
[EventType "team-tourn"]
[EventRounds "11"]
[EventCountry "CZE"]
[SourceTitle "CBM 195 Extra"]
[Source "ChessBase"]
[SourceDate "2020.05.31"]
[SourceVersion "1"]
[SourceVersionDate "2020.05.31"]
[SourceQuality "1"]
[WhiteTeam "Stare Mesto"]
[BlackTeam "Trinec"]
[WhiteTeamCountry "CZE"]
[BlackTeamCountry "CZE"]

1. d4 Nf6 2. c4 e6 3. Nf3 d5 4. Nc3 Bb4 5. Bg5 h6 6. Bxf6 Qxf6 7. e3 0-0 8. Qc2 c5 9. a3 Bxc3+ 10. Qxc3 dxc4 11. Bxc4 cxd4 12. Qxd4 Qxd4 13. Nxd4 Bd7 14. Rc1 Rc8 15. 0-0 Nc6 16. Nb5 Ne5 17. Be2 Bxb5 18. Bxb5 Kf8 19. h3 Ke7 20. f4 Nd7 21. Rfd1 Nf6 22. Kf2 a6 23. Bd3 Rxc1 24. Rxc1 Rd8 25. Ke2 Kd6 26. e4 e5 27. g3 Nd7 28. Bc4 Rc8 29. Rd1+ Ke7 30. Bb3 Rc7 31. Ke3 f6 32. h4 a5 33. Rd2 Rc1 34. Bd1 Nb6 35. Be2 Rc7 36. fxe5 fxe5 37. Bb5 Rc5 38. Bd3 Nc8 39. g4 Rc1 40. Rg2 Rh1 41. Rc2 Rh3+ 42. Kd2 Rh2+ 43. Ke3 Rxc2 44. Bxc2 Kd6 45. Kd3 Kc5 46. Kc3 Ne7 47. g5 hxg5 48. hxg5 Nc6 49. Bb3 Nd4 50. Bf7 Nb5+ 51. Kd3 Nd6 52. Bd5 b6 53. Kc3 Nb5+ 54. Kd3 Nd4 55. Bf7 Nf3 56. g6 Nd4 57. Kc3 Ne2+ 58. Kd3 Ng3 59. Bd5 b5 60. Bf7 b4 61. axb4+ Kxb4 62. Ke3 Nh5 63. Kd3 Nf6 64. Ke3 Nd7 65. Bd5 Nb6 66. Kd3 Na4 67. b3 Nc3 68. Bc4 Na2 69. Be6 Nc1+ 70. Kc2 Ne2 71. Bf7 Nc3 72. Kd3 Nb5 73. Kc2 Nd4+ 74. Kb2 Nb5 75. Kc2 Nd6 76. Bd5 Nc8 77. Be6 Nb6 78. Kd3 a4 79. bxa4 Nxa4 80. Bf7 Kc5 81. Bb3 Nb6 82. Kc3 Nd7 83. Bf7 Nf6 84. Kd3 Kd6 85. Ke3 Ng4+ 86. Kd3 Nh6 87. Kc4 Ng4 88. Kd3 Ke7 89. Kc4 Ne3+ 90. Kc5 Ng2 91. Kd5 Kf6 92. Kd6 Nf4 93. Be8 Ne6 94. Bf7 Ng5 95. Kd5 Nh3 96. Kd6 Nf4 97. Be8 Ne2 98. Bf7 Nc3 99. Bd5 Nb5+ 100. Kc6 Nd4+ 101. Kd6 Nb5+ 102. Kc6 Nc3 103. Kd6 Nb5+ 1/2-1/2

[Event "CZE-chT1E 1920"]
[Site "Czech Republic"]
[Date "2020.01.19"]
[Round "6.3"]
[White "Sikora, Jan"]
[Black "Stancik, Jakub"]
[Result "1/2-1/2"]
[WhiteElo "2189"]
[BlackElo "2058"]
[PlyCount "59"]
[EventDate "2019.10.20"]
[EventType "team-tourn"]
[EventRounds "11"]
[EventCountry "CZE"]
[SourceTitle "CBM 194 Extra"]
[Source "ChessBase"]
[SourceDate "2020.03.31"]
[SourceVersion "1"]
[SourceVersionDate "2020.03.31"]
[SourceQuality "1"]
[WhiteTeam "Trinec"]
[BlackTeam "Vsetin"]
[WhiteTeamCountry "CZE"]
[BlackTeamCountry "CZE"]

1. c4 e5 2. g3 Nf6 3. Bg2 d5 4. cxd5 Nxd5 5. Nc3 Nb6 6. Nf3 Nc6 7. 0-0 Be7 8. d3 0-0 9. a4 a5 10. Be3 Re8 11. Rc1 Bf8 12. Nb5 Bb4 13. Ng5 h6 14. Ne4 Nd5 15. Bc5 Bxc5 16. Nxc5 Ncb4 17. Qb3 c6 18. Nc3 Qd6 19. N5e4 Qe7 20. Nxd5 Nxd5 21. Nc5 Nb4 22. Qa3 Bg4 23. Rfe1 Rac8 24. Nb3 b6 25. Nd2 Be6 26. Nc4 Bxc4 27. Rxc4 c5 28. Qb3 Rcd8 29. Rec1 Rd6 30. Be4 1/2-1/2

[Event "Teplice op 14th"]
[Site "Teplice"]
[Date "2019.06.22"]
[Round "8"]
[White "Kaasen, Tor Fredrik"]
[Black "Sikora, Jan"]
[Result "1-0"]
[WhiteElo "2395"]
[BlackElo "2170"]
[PlyCount "75"]
[EventDate "2019.06.15"]
[EventType "swiss"]
[EventRounds "9"]
[EventCountry "CZE"]
[SourceTitle "CBM 191 Extra"]
[Source "ChessBase"]
[SourceDate "2019.09.30"]
[SourceVersion "1"]
[SourceVersionDate "2019.09.30"]
[SourceQuality "1"]

1. c4 c5 2. g3 g6 3. Bg2 Bg7 4. Nc3 Nc6 5. b3 e6 6. Ba3 d6 7. e3 Nge7 8. Nge2 0-0 9. 0-0 e5 10. d3 Be6 11. Bb2 Qc8 12. Ne4 Rd8 13. f4 f5 14. Ng5 Bd7 15. Rb1 h6 16. Nf3 Kh7 17. a3 Qc7 18. Qc2 Rg8 19. Ba1 a5 20. Nc3 Rae8 21. Nb5 Qb8 22. Rbd1 Nd8 23. Rfe1 Ne6 24. Bc3 b6 25. fxe5 dxe5 26. Qb2 Nc6 27. d4 exd4 28. exd4 Nexd4 29. Nfxd4 Nxd4 30. Nxd4 cxd4 31. Bxd4 Qd6 32. Bd5 Rxe1+ 33. Rxe1 Kh8 34. Re5 Qf8 35. Qd2 Bxe5 36. Bxe5+ Kh7 37. Bxg8+ Kxg8 38. Qxd7 1-0

[Event "Teplice op 14th"]
[Site "Teplice"]
[Date "2019.06.17"]
[Round "3"]
[White "Blohberger, Felix"]
[Black "Sikora, Jan"]
[Result "1/2-1/2"]
[WhiteElo "2475"]
[BlackElo "2170"]
[PlyCount "107"]
[EventDate "2019.06.15"]
[EventType "swiss"]
[EventRounds "9"]
[EventCountry "CZE"]
[SourceTitle "CBM 191 Extra"]
[Source "ChessBase"]
[SourceDate "2019.09.30"]
[SourceVersion "1"]
[SourceVersionDate "2019.09.30"]
[SourceQuality "1"]

1. e4 c5 2. Nf3 d6 3. d4 cxd4 4. Nxd4 Nf6 5. Nc3 a6 6. Be3 e6 7. g4 e5 8. Nf5 h5 9. g5 Nxe4 10. Nxg7+ Bxg7 11. Nxe4 d5 12. Ng3 d4 13. Bd2 Qd5 14. c4 Qc6 15. Bd3 Bg4 16. Qc2 Bf3 17. Be4 Bxe4 18. Qxe4 Nd7 19. Qxc6 bxc6 20. 0-0-0 Nc5 21. Nf5 Rg8 22. Bb4 Ne6 23. Bd6 Kd7 24. Rhe1 c5 25. h4 f6 26. gxf6 Bxf6 27. Bxe5 Raf8 28. Bxf6 Rxf6 29. Re5 Rgf8 30. Rd5+ Kc7 31. Ng3 Rxf2 32. Ne4 R2f5 33. Rg1 Rxd5 34. cxd5 Nf4 35. Rg7+ Kb6 36. d6 Kc6 37. Rc7+ Kd5 38. d7 Nd3+ 39. Kd2 Kxe4 40. Rc8 Rf2+ 41. Kd1 Nxb2+ 42. Ke1 Nd3+ 43. Kd1 Nb2+ 44. Ke1 Nd3+ 45. Kd1 Nb2+ 46. Kc1 Nd3+ 47. Kb1 Rf1+ 48. Kc2 Rf2+ 49. Kb3 Rb2+ 50. Ka4 Rb5 51. Re8+ Kf3 52. Rf8+ Kg2 53. Ka3 Ne5 54. Ka4 1/2-1/2

[Event "CZE-chT1E 1819"]
[Site "Czech Republic"]
[Date "2019.02.17"]
[Round "8.4"]
[White "Malcanek, Jan"]
[Black "Sikora, Jan"]
[Result "0-1"]
[WhiteElo "2129"]
[BlackElo "2176"]
[PlyCount "88"]
[EventDate "2018.10.21"]
[EventType "team-tourn"]
[EventRounds "11"]
[EventCountry "CZE"]
[SourceTitle "CBM 189 Extra"]
[Source "ChessBase"]
[SourceDate "2019.06.03"]
[SourceVersion "1"]
[SourceVersionDate "2019.06.03"]
[SourceQuality "1"]
[WhiteTeam "Hostalkova"]
[BlackTeam "Trinec"]
[WhiteTeamCountry "CZE"]
[BlackTeamCountry "CZE"]

1. c4 c5 2. Nf3 g6 3. g3 Bg7 4. Bg2 Nc6 5. 0-0 Nh6 6. Nc3 Nf5 7. b3 d6 8. Bb2 h5 9. e3 h4 10. Re1 hxg3 11. hxg3 Kf8 12. d3 e5 13. Qd2 g5 14. e4 Nfd4 15. Nxd4 Nxd4 16. Nd5 Be6 17. Bxd4 exd4 18. f3 Be5 19. Kf2 Bxd5 20. exd5 Qf6 21. Rh1 Kg7 22. Qe2 Rae8 23. Qd2 Qf5 24. Rae1 b6 25. g4 Qf6 26. Rxh8 Rxh8 27. Rh1 Re8 28. Re1 Bf4 29. Qd1 Be3+ 30. Kf1 Qf4 31. Rxe3 Rxe3 32. Kf2 Qh2 33. Qd2 Qh4+ 34. Kf1 Qg3 35. Qd1 Kf6 36. Qd2 Ke5 37. Qd1 Kf4 38. Qd2 a6 39. Qc1 Qh2 40. Qd2 Qg3 41. Qc1 Ke5 42. Qd1 Kf6 43. Bh1 Qh2 44. Bg2 Qh7 0-1

[Event "CZE-chT1E 1819"]
[Site "Czech Republic"]
[Date "2019.02.03"]
[Round "7.6"]
[White "Sikora, Jan"]
[Black "Bazant, Petr Sr"]
[Result "0-1"]
[WhiteElo "2176"]
[BlackElo "2223"]
[PlyCount "134"]
[EventDate "2018.10.21"]
[EventType "team-tourn"]
[EventRounds "11"]
[EventCountry "CZE"]
[SourceTitle "CBM 188 Extra"]
[Source "ChessBase"]
[SourceDate "2019.02.26"]
[SourceVersion "1"]
[SourceVersionDate "2019.02.26"]
[SourceQuality "1"]
[WhiteTeam "Trinec"]
[BlackTeam "Stare Mesto"]
[WhiteTeamCountry "CZE"]
[BlackTeamCountry "CZE"]

1. Nf3 d5 2. g3 Nf6 3. Bg2 g6 4. 0-0 Bg7 5. c4 c6 6. cxd5 cxd5 7. d4 0-0 8. Nc3 Nc6 9. b3 Ne4 10. Bb2 Nxc3 11. Bxc3 Bf5 12. Qd2 Qb6 13. Ne5 Rfd8 14. Nxc6 Qxc6 15. Rfc1 Qf6 16. Bb2 Rd7 17. Rc5 e6 18. Rac1 Bf8 19. Rc8 Rxc8 20. Rxc8 Rd8 21. Qc1 Rxc8 22. Qxc8 Qe7 23. Bc1 Kg7 24. h4 h6 25. Qb8 b6 26. Qf4 Kh7 27. a3 Bg7 28. b4 Qd7 29. Bf3 h5 30. Kg2 Qc6 31. Qd2 Qc7 32. Bb2 Bh6 33. Qc3 Qxc3 34. Bxc3 Bc2 35. e3 Bd3 36. Bd1 Bf8 37. f4 Kh6 38. Kf2 f6 39. g4 hxg4 40. Bxg4 Bf5 41. Be2 Bd6 42. Bd1 g5 43. hxg5+ fxg5 44. fxg5+ Kxg5 45. Be1 Be4 46. Ba4 Kg4 47. Bd7 Bf5 48. Ke2 e5 49. dxe5 Bxe5 50. Bc6 Be4 51. b5 Kf5 52. Bd7+ Kf6 53. Bh4+ Kf7 54. Kd2 Bd6 55. a4 Bb4+ 56. Kc1 Be7 57. Bxe7 Kxe7 58. Bc6 Kd6 59. Kd2 Kc5 60. Kc3 a5 61. Kb3 Bf3 62. Bb7 Bd1+ 63. Ka3 Bc2 64. Bc8 Kc4 65. Bh3 Kc3 66. Be6 Be4 67. Bf7 Kd2 0-1

[Event "CZE-chT1E 1819"]
[Site "Czech Republic"]
[Date "2018.12.09"]
[Round "4.5"]
[White "Sikora, Jan"]
[Black "Mudrak, Josef"]
[Result "0-1"]
[WhiteElo "2176"]
[BlackElo "2243"]
[PlyCount "76"]
[EventDate "2018.10.21"]
[EventType "team-tourn"]
[EventRounds "11"]
[EventCountry "CZE"]
[SourceTitle "CBM 187 Extra"]
[Source "ChessBase"]
[SourceDate "2018.11.04"]
[SourceVersion "1"]
[SourceVersionDate "2018.11.04"]
[SourceQuality "1"]
[WhiteTeam "Trinec"]
[BlackTeam "Kromeriz"]
[WhiteTeamCountry "CZE"]
[BlackTeamCountry "CZE"]

1. e4 c5 2. Nc3 Nc6 3. Nf3 e5 4. Bc4 Be7 5. d3 Nf6 6. Nd2 Nd4 7. Nf1 Rb8 8. a4 a6 9. Nd5 Nxd5 10. Bxd5 0-0 11. Ne3 g6 12. 0-0 d6 13. f4 exf4 14. Rxf4 Bg5 15. Rf2 Kg7 16. c3 Ne6 17. Bb3 h5 18. Nd5 Bd7 19. a5 Bc6 20. Bxg5 Qxg5 21. Nf6 b5 22. axb6 Rxb6 23. Bc4 Nf4 24. Qf3 Qxf6 25. Qxf4 Qxf4 26. Rxf4 Bb7 27. b3 f6 28. h4 Rd8 29. Ra5 f5 30. Kf2 Re8 31. b4 fxe4 32. dxe4 cxb4 33. Rf7+ Kh6 34. cxb4 Rxe4 35. Rxb7 Rxb7 36. Bd5 Rf4+ 37. Ke3 Rbxb4 38. Rxa6 Rf6 0-1

[Event "CZE-chT1E 1819"]
[Site "Czech Republic"]
[Date "2018.11.25"]
[Round "3.3"]
[White "Ludvik, Tomas"]
[Black "Sikora, Jan"]
[Result "1/2-1/2"]
[WhiteElo "2158"]
[BlackElo "2176"]
[PlyCount "53"]
[EventDate "2018.10.21"]
[EventType "team-tourn"]
[EventRounds "11"]
[EventCountry "CZE"]
[SourceTitle "CBM 187 Extra"]
[Source "ChessBase"]
[SourceDate "2018.11.04"]
[SourceVersion "1"]
[SourceVersionDate "2018.11.04"]
[SourceQuality "1"]
[WhiteTeam "Polabiny III"]
[BlackTeam "Trinec"]
[WhiteTeamCountry "CZE"]
[BlackTeamCountry "CZE"]

1. d4 Nf6 2. c4 e6 3. Nc3 Bb4 4. e3 0-0 5. Bd3 d5 6. Nf3 c5 7. 0-0 dxc4 8. Bxc4 Nbd7 9. a3 cxd4 10. Qxd4 Nb6 11. Be2 Qxd4 12. exd4 Bd6 13. Bg5 Nbd5 14. Bxf6 Nxc3 15. bxc3 gxf6 16. a4 Bd7 17. a5 Rac8 18. c4 Bc6 19. Rfd1 Bxf3 20. Bxf3 Rxc4 21. Bxb7 Rd8 22. d5 Bc5 23. Rac1 Rxc1 24. Rxc1 Bd4 25. dxe6 fxe6 26. a6 Bb2 27. Rc8 1/2-1/2

[Event "CZE-chT2F 1819"]
[Site "Czech Republic"]
[Date "2018.11.18"]
[Round "3.4"]
[White "Sikora, Jan"]
[Black "Kubicka, Anna"]
[Result "1/2-1/2"]
[WhiteElo "2176"]
[BlackElo "2165"]
[PlyCount "74"]
[EventDate "2018.10.14"]
[EventType "team-tourn"]
[EventRounds "11"]
[EventCountry "CZE"]
[SourceTitle "EXT 2022"]
[Source "ChessBase"]
[SourceDate "2021.10.06"]
[SourceVersion "1"]
[SourceVersionDate "2021.10.06"]
[SourceQuality "1"]
[WhiteTeam "Trinec II"]
[BlackTeam "Karvina"]
[WhiteTeamCountry "CZE"]
[BlackTeamCountry "CZE"]

1. Nf3 Nf6 2. g3 d5 3. Bg2 c5 4. 0-0 Nc6 5. c4 d4 6. d3 e5 7. Re1 Bd6 8. e3 0-0 9. exd4 cxd4 10. a3 a5 11. Bg5 h6 12. Bxf6 Qxf6 13. Nbd2 Bc7 14. Rb1 a4 15. Qc2 Bf5 16. b4 axb3 17. Rxb3 Ra7 18. c5 Rc8 19. Nc4 Na5 20. Nxa5 Rxa5 21. Rxb7 Rxa3 22. Rb3 Qa6 23. Nxe5 Bxe5 24. Bb7 Qa4 25. Bxc8 Bxc8 26. Rb2 Qxc2 27. Rxc2 Bh3 28. f4 Bc7 29. Re8+ Kh7 30. Re7 Ra1+ 31. Kf2 Rf1+ 32. Ke2 Ba5 33. Rxf7 Re1+ 34. Kf2 Rh1 35. Kf3 Re1 36. Kf2 Rh1 37. Kf3 Re1 1/2-1/2

[Event "Ceske Budejovice op"]
[Site "Ceske Budejovice"]
[Date "2018.06.28"]
[Round "8"]
[White "Sikora, Jan"]
[Black "Musil, Vitezslav"]
[Result "1/2-1/2"]
[WhiteElo "2209"]
[BlackElo "1951"]
[PlyCount "45"]
[EventDate "2018.06.21"]
[EventType "swiss"]
[EventRounds "9"]
[EventCountry "CZE"]
[SourceTitle "CBM 185 Extra"]
[Source "ChessBase"]
[SourceDate "2018.07.29"]
[SourceVersion "1"]
[SourceVersionDate "2018.07.29"]
[SourceQuality "1"]

1. d4 Nf6 2. Bf4 d6 3. Nc3 g6 4. Qd2 Bg7 5. Bh6 0-0 6. h4 Bxh6 7. Qxh6 Ng4 8. Qd2 e5 9. d5 f5 10. f3 Nf6 11. e3 a5 12. 0-0-0 Na6 13. Be2 Nc5 14. Nh3 Qe7 15. Nf2 Bd7 16. Rdg1 Nh5 17. g4 fxg4 18. fxg4 Ng3 19. Rxg3 Rxf2 20. h5 g5 21. Rf1 Rxf1+ 22. Bxf1 Rf8 23. Be2 1/2-1/2

[Event "Ceske Budejovice op"]
[Site "Ceske Budejovice"]
[Date "2018.06.26"]
[Round "6"]
[White "Michenka, Jozef"]
[Black "Sikora, Jan"]
[Result "1-0"]
[WhiteElo "2329"]
[BlackElo "2209"]
[PlyCount "75"]
[EventDate "2018.06.21"]
[EventType "swiss"]
[EventRounds "9"]
[EventCountry "CZE"]
[SourceTitle "CBM 185 Extra"]
[Source "ChessBase"]
[SourceDate "2018.07.29"]
[SourceVersion "1"]
[SourceVersionDate "2018.07.29"]
[SourceQuality "1"]

1. d4 Nf6 2. c4 e6 3. Nf3 c5 4. e3 d5 5. Nc3 Nc6 6. a3 Be7 7. dxc5 Bxc5 8. cxd5 Nxd5 9. Nxd5 Qxd5 10. Qxd5 exd5 11. b4 Bb6 12. Bb2 0-0 13. Rd1 Rd8 14. Be2 Bg4 15. h3 Bxf3 16. Bxf3 d4 17. Bxc6 bxc6 18. Bxd4 Bxd4 19. Rxd4 Rxd4 20. exd4 Rd8 21. Ke2 Rxd4 22. Rd1 Rxd1 23. Kxd1 Kf8 24. Kd2 Ke7 25. Kd3 h5 26. h4 Ke6 27. Ke4 Kd6 28. f3 Ke6 29. g4 g6 30. Kf4 f6 31. gxh5 gxh5 32. Ke4 f5+ 33. Kf4 Kf6 34. a4 a6 35. a5 Ke6 36. Kg5 Ke5 37. Kxh5 Kf6 38. f4 1-0

[Event "Ceske Budejovice op"]
[Site "Ceske Budejovice"]
[Date "2018.06.25"]
[Round "5"]
[White "Sikora, Jan"]
[Black "Matejovsky, Ondrej"]
[Result "1/2-1/2"]
[WhiteElo "2209"]
[BlackElo "2028"]
[PlyCount "43"]
[EventDate "2018.06.21"]
[EventType "swiss"]
[EventRounds "9"]
[EventCountry "CZE"]
[SourceTitle "CBM 185 Extra"]
[Source "ChessBase"]
[SourceDate "2018.07.29"]
[SourceVersion "1"]
[SourceVersionDate "2018.07.29"]
[SourceQuality "1"]

1. Nf3 d5 2. d4 Nf6 3. Bf4 c6 4. e3 Bf5 5. c4 e6 6. Nc3 Ne4 7. Nxe4 Bxe4 8. Bd3 Bb4+ 9. Ke2 Bxd3+ 10. Qxd3 Bd6 11. Bg3 dxc4 12. Qxc4 Bxg3 13. hxg3 Qb6 14. b3 Qa6 15. Ng5 h6 16. Ne4 Ke7 17. a4 Qxc4+ 18. bxc4 Nd7 19. Rhb1 b6 20. a5 Rhb8 21. axb6 axb6 22. Kd3 1/2-1/2

[Event "CZE-chT1E 1718"]
[Site "Czech Republic"]
[Date "2018.03.04"]
[Round "9.6"]
[White "Sikora, Jan"]
[Black "Sochor, Stanislav"]
[Result "0-1"]
[WhiteElo "2226"]
[BlackElo "2090"]
[PlyCount "70"]
[EventDate "2017.10.22"]
[EventType "team-tourn"]
[EventRounds "11"]
[EventCountry "CZE"]
[SourceTitle "EXT 2019"]
[Source "ChessBase"]
[SourceDate "2018.10.10"]
[SourceVersion "1"]
[SourceVersionDate "2018.10.10"]
[SourceQuality "1"]
[WhiteTeam "Trinec"]
[BlackTeam "Grygov"]
[WhiteTeamCountry "CZE"]
[BlackTeamCountry "CZE"]

1. e4 e6 2. d4 d5 3. Nd2 Nf6 4. e5 Nfd7 5. Bd3 c5 6. c3 Nc6 7. Ne2 cxd4 8. cxd4 f6 9. exf6 Nxf6 10. 0-0 Bd6 11. Nf3 Qc7 12. Nc3 a6 13. Be3 0-0 14. Rc1 Bd7 15. Na4 h6 16. Nc5 Ng4 17. h3 Nxe3 18. fxe3 Bxc5 19. Rxc5 Qg3 20. Qb3 Rf7 21. Rc2 Re8 22. Qxb7 Rb8 23. Qxa6 Nb4 24. Qa3 Nxd3 25. Qxd3 Bb5 26. Qd1 Bxf1 27. Qxf1 Rbf8 28. Rf2 g5 29. Qd3 Kg7 30. e4 h5 31. Qe3 dxe4 32. Qxe4 g4 33. hxg4 hxg4 34. Qxe6 Rxf3 35. Rxf3 gxf3 0-1

[Event "CZE-chT2F 1718"]
[Site "Czech Republic"]
[Date "2018.01.28"]
[Round "7.3"]
[White "Sikora, Jan"]
[Black "Tomecek, Jan"]
[Result "1/2-1/2"]
[WhiteElo "2226"]
[BlackElo "2114"]
[PlyCount "76"]
[EventDate "2017.10.15"]
[EventType "team-tourn"]
[EventRounds "11"]
[EventCountry "CZE"]
[SourceTitle "EXT 2022"]
[Source "ChessBase"]
[SourceDate "2021.10.06"]
[SourceVersion "1"]
[SourceVersionDate "2021.10.06"]
[SourceQuality "1"]
[WhiteTeam "Trinec II"]
[BlackTeam "Havirov Banik"]
[WhiteTeamCountry "CZE"]
[BlackTeamCountry "CZE"]

1. e4 e6 2. d4 d5 3. Nd2 dxe4 4. Nxe4 Nd7 5. Nf3 Ngf6 6. Nxf6+ Nxf6 7. Bd3 c5 8. 0-0 cxd4 9. Nxd4 Bc5 10. Be3 Bb6 11. c3 e5 12. Nf5 0-0 13. Bxb6 axb6 14. Ne3 Be6 15. Bc4 Bxc4 16. Nxc4 Qc7 17. Qb3 e4 18. Ne3 Ra5 19. Rad1 Qe5 20. Rd4 Rb5 21. Qc2 Re8 22. Rfd1 h6 23. a4 Rc5 24. Qb3 Qc7 25. h3 Rc6 26. Qb4 Qe5 27. Rd8 Kh7 28. Rxe8 Qxe8 29. Qd4 Qe6 30. Nd5 Ne8 31. Re1 Nd6 32. b3 b5 33. axb5 Nxb5 34. Qxe4+ Qxe4 35. Rxe4 Nxc3 36. Nxc3 Rxc3 37. Rb4 Rc7 38. Kf1 Re7 1/2-1/2